Normal view
MARC view
- Workplace Law Group
Entry Corporate Name
001 - CONTROL NUMBER
- control field: 4840
003 - CONTROL NUMBER IDENTIFIER
- control field: SIRSI
005 - DATE AND TIME OF LATEST TRANSACTION
- control field: 20190806150237.0
008 - FIXED-LENGTH DATA ELEMENTS
- fixed length control field: 051219n| aaannaabn |n ana d
040 ## - CATALOGING SOURCE
- Original cataloging agency: OSt
- Transcribing agency: OSt
110 2# - HEADING--CORPORATE NAME
- Corporate name or jurisdiction name as entry element: Workplace Law Group
670 ## - SOURCE DATA FOUND
- Source citation: BPF consultancy agreement, 2005